Central Library OPAC University of Rajshahi

Indian art through the ages. / (Record no. 76562)

MARC details
000 -LEADER
fixed length control field 00800cam a2200241 a 4500
001 - CONTROL NUMBER
control field 76562
003 - CONTROL NUMBER IDENTIFIER
rucl marc code BD-RjUL
005 - DATE AND TIME OF LATEST TRANSACTION
control field 20211209082847.0
008 - FIXED-LENGTH DATA ELEMENTS--GENERAL INFORMATION
fixed length control field 191219s1951 ii af 001 0 eng d
035 ## - SYSTEM CONTROL NUMBER
System control number (BD-RjUL)
040 ## - CATALOGING SOURCE
Original cataloging agency NCSU:W
Language of cataloging eng
Transcribing agency NCSU:W
Modifying agency VDU
041 ## - LANGUAGE CODE
Language code of text/sound track or separate title eng
082 ## - DEWEY DECIMAL CLASSIFICATION NUMBER
Edition number 23
Classification number 709.54
Author mark and year IND 1951
245 00 - TITLE STATEMENT
Title Indian art through the ages. /
Statement of responsibility, etc. Ministry of Information and Broadcasting.
250 ## - EDITION STATEMENT
Edition statement Rev. and enl. ed.
260 ## - PUBLICATION, DISTRIBUTION, ETC. (IMPRINT)
Place of publication, distribution, etc. Calcutta :
Name of publisher, distributor, etc. Ministry of Information and Broadcasting Publications Division,
Date of publication, distribution, etc. 1951.
300 ## - PHYSICAL DESCRIPTION
Pagination xi, 136 pages :
Illustrations chiefly illustrations (some colour) ;
Size 25 cm.
650 #0 - SUBJECT ADDED ENTRY--TOPICAL TERM
Topical term or geographic name as entry element Art
Geographic subdivision India
General subdivision History.
9 (RLIN) 236689
710 1# - ADDED ENTRY--CORPORATE NAME
Corporate name or jurisdiction name as entry element India.
Subordinate unit Ministry of Information and Broadcasting.
9 (RLIN) 236690
942 ## - ADDED ENTRY ELEMENTS (KOHA)
Source of classification or shelving scheme Dewey Decimal Classification
Koha item type Books
Holdings
Lost status Source of classification or shelving scheme Damaged status Not for loan Collection code Permanent Location Current Location Shelving location Date acquired Source of acquisition Total Checkouts Full call number Date last seen Copy number Koha item type
  Dewey Decimal Classification   Not For Loan Non-fiction Central Library, University of Rajshahi Central Library, University of Rajshahi Reading Room 29/09/1959 Indian Information service, Dhaka   709.54 IND 1951 19/12/2019 C-1 Books